| 000 | 00577 a2200169 4500 | ||
|---|---|---|---|
| 020 | _a0521852773 | ||
| 020 | _a9780521852777 | ||
| 082 | _a530.12 | ||
| 090 |
_c1022 _d1022 |
||
| 100 | 1 | _aBellac, Michel Le. | |
| 245 | 1 | 0 |
_aQuantum physics / _cMichel Le Bellac. |
| 260 |
_a[S.l.] : _bCambridge University Press, _c2006. |
||
| 300 |
_a606 p. ; _c25 cm. |
||
| 700 | _aBellac, Michel Le. | ||
| 942 |
_aSNS _cBK _k530.12 BEL |
||
| 999 |
_c29641 _d29641 |
||